000 00883cam a2200253 a 4500
001 000024523
005 20200930023223.0
008 850726s1998 mx a 000 | spa d
020 _z968444253X
040 _aDO-SdBNP
_bspa
_cBNPHU
082 _a468
_bCh512r, 1998
100 1 _aChávez Pérez, Fidel
_950250
245 1 3 _aRedacción avanzada :
_bun enfoque lingüístico /
_cFidel Chávez Pérez; edición Claudio Ceja.
250 _a2a ed. Actualizada
260 _aMéxico, D. F. :
_bAddison Wesley Longman,
_c1998.
300 _a343 p. :
_bil. ;
_c27 cm.
504 _aIncluye referencias bibliográficas : p. 341-343
500 _aIncluye referencias de textos
650 4 _aIdioma español
_xEstilo
_915556
650 4 _aIdioma español
_xRetórica
_950251
650 4 _aEspañol
_xComposición y ejercicios
_91362
700 1 _aCeja, Claudio
_eed.
_950252
049 _aBNGR
999 _c24016
_d24016